书目信息 |
| 题名: |
全国勘察设计注册公用设备工程师考试复习教程
|
|
| 作者: | ;全国勘察设计注册公用设备工程师考试复习教程编委会 编 | |
| 分册: | 暖通空调专业 | |
| 出版信息: | 北京 中国建筑工业出版社 2004.05 |
|
| 页数: | 536页 | |
| 开本: | 26cm | |
| 丛书名: | 执业资格考试丛书 | |
| 单 册: | ||
| 中图分类: | TU8 | |
| 科图分类: | ||
| 主题词: | 通风设备--tong feng she bei--工程师--资格考核--教材 , 城市公用设施--cheng shi gong yong she shi--工程师--资格考核--教材 , 采暖设备--cai nuan she bei--工程师--资格考核--教材 | |
| 电子资源: | ||
| ISBN: | 7-112-08163-7 | |
| 000 | 01550nam 2200289 450 | |
| 001 | 012006889265 | |
| 005 | 20060628100507.09 | |
| 010 | @a7-112-08163-7@dCNY53.00 | |
| 100 | @a20060610d2004 km y0chiy0120 ea | |
| 101 | 0 | @achi |
| 102 | @aCN@b110000 | |
| 105 | @aa a 000yy | |
| 200 | 1 | @a全国勘察设计注册公用设备工程师考试复习教程@Aquan guo kan cha she ji zhu ce gong yong she bei gong cheng shi kao shi fu xi jiao cheng@i暖通空调专业@f《全国勘察设计注册公用设备工程师考试复习教程》编委会编@F《quan guo kan cha she ji zhu ce gong yong she bei gong cheng shi kao shi fu xi jiao cheng》bian wei hui bian |
| 210 | @a北京@c中国建筑工业出版社@d2004.05 | |
| 215 | @a536页@c图@d26cm | |
| 225 | 2 | @a执业资格考试丛书@Azhi ye zi ge kao shi cong shu |
| 320 | @a有书目。 | |
| 330 | @a本教程以现行标准与规范为基础,按照注册公用设备工程师执业资格考试大纲编写,其包括总则、供热与锅炉、通风、空气调节、空气调节用制冷技术、空气洁净技术、建筑给水排水与房屋卫生设备等内容,内容全面、重点突出。 | |
| 410 | 0 | @12001 @a执业资格考试丛书 |
| 517 | 1 | @a暖通空调专业@Anuan tong kong diao zhuan ye |
| 606 | 0 | @a通风设备@Atong feng she bei@x工程师@x资格考核@j教材 |
| 606 | 0 | @a城市公用设施@Acheng shi gong yong she shi@x工程师@x资格考核@j教材 |
| 606 | 0 | @a采暖设备@Acai nuan she bei@x工程师@x资格考核@j教材 |
| 690 | @aTU8@v4 | |
| 711 | 02 | @a全国勘察设计注册公用设备工程师考试复习教程编委会@Aquan guo kan cha she ji zhu ce gong yong she bei gong cheng shi kao shi fu xi jiao cheng bian wei hui@4编 |
| 801 | 0 | @aCN@bQSSK@c20060628 |
| 905 | @a10447@dTU8@eQ890 | |
| 全国勘察设计注册公用设备工程师考试复习教程.暖通空调专业/《全国勘察设计注册公用设备工程师考试复习教程》编委会编.-北京:中国建筑工业出版社,2004.05 |
| 536页:图;26cm.-(执业资格考试丛书) |
| ISBN 7-112-08163-7:CNY53.00 |
| 本教程以现行标准与规范为基础,按照注册公用设备工程师执业资格考试大纲编写,其包括总则、供热与锅炉、通风、空气调节、空气调节用制冷技术、空气洁净技术、建筑给水排水与房屋卫生设备等内容,内容全面、重点突出。 |
| ● |
| 相关链接 |
|
|
|
正题名:全国勘察设计注册公用设备工程师考试复习教
索取号:TU8/Q890
 
预约/预借
| 序号 | 登录号 | 条形码 | 馆藏地/架位号 | 状态 | 备注 |
| 1 | 581924 | 205819248 | 建筑库201/ [索取号:TU8/Q890] | 在馆 | |
| 2 | 581925 | 205819257 | 建筑库201/201建筑库 48排6列3层/ [索取号:TU8/Q890] | 在馆 | |
| 3 | 581926 | 205819266 | 建筑库201/201建筑库 48排6列3层/ [索取号:TU8/Q890] | 在馆 |